00936nam a22001937a 450000500170000002000320001704000330004908200220008210000170010424502860012126000580040730000330046550400250049854600080052365001490053170000230068070000170070370000220072020251006124428.0 a9789987080915cTzs 20,000/= aMCCLbeng.eAACR 2nd.rev.ed. a618.790967826 GOP aGopal, Kasum aEthnography study on reduction of maternal and neonatal deaths in the Dodoma reagion, Tanzaniab: UN joint programme 2: maternal and newborn mortality reductionc/ originally written by Kasum Gopal , revised and re-written by Joel L.P. Lugalla, Joyce Nyoni and Richard Samabaiga,  aDar es Salaam: bMkuki na Nyota Publishers, cc2011.  axix,124p.:bcol.ill.;c25cm. aIncludes references  aeng aMaternal and neonatal deaths- Tanzania| Newborn mortality reduction | | Ethnography study| Reproductive health zNeonatal death rates -Tanzania  aLugalla, Joe L.P.  aNyoni, Joyce aSambaiga, Richard